[Event "23rd Schlosspark-Open"]
[Site "Wiesbaden GER"]
[Date "2011.08.28"]
[Round "7.4"]
[White "Boidman,Y"]
[Black "Minor,S"]
[Result "0-1"]
[WhiteElo "2444"]
[BlackElo "2210"]

1.d4 Nf6 2.Nf3 d5 3.c4 e6 4.Nc3 c6 5.e3 Nbd7 6.Qc2 Bd6 7.Bd3 O-O 8.O-O Qe7
9.b3 a6 10.e4 dxe4 11.Nxe4 Nxe4 12.Bxe4 h6 13.Bb2 c5 14.Rfe1 Nf6 15.Bd3 cxd4
16.Nxd4 Qc7 17.Nf3 b6 18.Bxf6 gxf6 19.Re4 f5 20.Rh4 Kg7 21.Re1 Be7 22.Rh3 Qf4
23.Ne5 Bf6 24.Rg3+ Kh8 25.Qc3 Bb7 26.c5 bxc5 27.Qxc5 Rac8 28.Qa7 Rc1 29.Rf1 Rc7
30.Nc4 Bd4 31.Nb6 Ra8 32.Nxa8 Bxa7 33.Nxc7 Qxc7 34.Bc4 f4 35.Rd3 Qc6  0-1

[Event "23rd Schlosspark-Open"]
[Site "Wiesbaden GER"]
[Date "2011.08.28"]
[Round "7.16"]
[White "Goloborodko,D"]
[Black "Barisch,Florian"]
[Result "1-0"]
[WhiteElo "2123"]
[BlackElo "1954"]

1.d4 d5 2.c4 c6 3.Nf3 Nf6 4.Nc3 e6 5.e3 Bd6 6.Bd3 Nbd7 7.O-O O-O 8.a3 Qe7
9.e4 dxe4 10.Bxe4 h6 11.Bc2 c5 12.dxc5 Nxc5 13.b4 Ncd7 14.c5 Bb8 15.Qe2 a6
16.Bb2 Rd8 17.Rad1 Nf8 18.Rxd8 Qxd8 19.Rd1 Qe7 20.Ne4 Nxe4 21.Bxe4 Bc7 22.Qc4 Rb8
23.a4 Bd7 24.b5 axb5 25.axb5 Rd8 26.Ra1 f6 27.Bxb7 Be8 28.Be4 Qd7 29.b6 Bb8
30.c6 Qd6 31.c7 Bxc7 32.bxc7 Rc8 33.Rc1 Nd7 34.Bb7 Nb6 35.Qc5 Qxc5  1-0

[Event "FIDE World Cup 2011"]
[Site "Khanty-Mansiysk RUS"]
[Date "2011.08.29"]
[Round "1.2"]
[White "Nepomniachtchi,I"]
[Black "Ortiz Suarez,I"]
[Result "1-0"]
[WhiteElo "2711"]
[BlackElo "2556"]

1.c4 Nf6 2.Nc3 e6 3.d4 d5 4.Nf3 c6 5.e3 Nbd7 6.Qc2 Bd6 7.Be2 dxc4 8.Bxc4 b5
9.Be2 Bb7 10.O-O O-O 11.e4 e5 12.Rd1 Qe7 13.Bg5 h6 14.dxe5 Nxe5 15.Nd4 g6
16.Bxh6 Neg4 17.Bxg4 Nxg4 18.Nf3 Rfe8 19.Bg5 Bxh2+ 20.Nxh2 Qxg5 21.Nxg4 Qxg4
22.f3 Qh4 23.Qf2 Qe7 24.Rd2 Bc8 25.Ne2 Qg5 26.Rc2 Bb7 27.Rac1 Rad8 28.Qxa7 Rd2
29.Rxd2 Qxd2 30.Kf2 Bc8 31.Qd4 Rd8 32.Qf6 Rd6 33.Qe5 Be6 34.Rh1 Kf8 35.Rh8+ Ke7
36.Qc5 f6 37.Rh7+ Kf8 38.e5 Kg8 39.Qxd6  1-0

[Event "FIDE World Cup 2011"]
[Site "Khanty-Mansiysk RUS"]
[Date "2011.08.29"]
[Round "1.2"]
[White "Salem,AR"]
[Black "Jakovenko,D"]
[Result "0-1"]
[WhiteElo "2493"]
[BlackElo "2736"]

1.d4 d5 2.c4 c6 3.Nc3 Nf6 4.e3 e6 5.Nf3 Nbd7 6.Bd3 dxc4 7.Bxc4 b5 8.Bd3 Bd6
9.O-O O-O 10.e4 e5 11.Ne2 c5 12.d5 c4 13.Bc2 Nc5 14.Ng3 a5 15.Bg5 h6 16.Be3 Re8
17.h3 Bd7 18.Rc1 Rc8 19.Nh2 a4 20.Ng4 Nxg4 21.hxg4 a3 22.bxa3 Ra8 23.a4 Nxa4
24.Qf3 Nc5 25.Nh5 Rxa2 26.g3 Ra3 27.Kg2 Rxe3 28.fxe3 Rf8 29.Rb1 Qg5 30.Nf4 Bxg4
31.Qf2 b4 32.Rbc1 c3 33.Bb1 Nb3 34.Rce1 Nd2  0-1

[Event "TCh-SRB Premier Men"]
[Site "Valjevo SRB"]
[Date "2011.08.29"]
[Round "3.6"]
[White "Pavlovic,Milos"]
[Black "Georgiev,Ki"]
[Result "1/2-1/2"]
[WhiteElo "2541"]
[BlackElo "2654"]

1.d4 Nf6 2.c4 e6 3.Nf3 d5 4.Nc3 c6 5.e3 Nbd7 6.Bd3 dxc4 7.Bxc4 b5 8.Bd3 Bd6
9.O-O O-O 10.Qc2 Bb7 11.a3 a5 12.e4 e5 13.dxe5 Nxe5 14.Nxe5 Bxe5 15.h3 Re8
16.Be3 Qe7 17.Rae1 Rad8 18.Bb6 Ra8 19.f4 Nd7 20.Be3 Bxc3 21.Qxc3 b4 22.Qc2 bxa3
23.e5 h6 24.bxa3 c5 25.Rb1 Bc6 26.Rfd1 Red8 27.Bf2 Rab8 28.Rxb8 Rxb8 29.Bh7+ Kh8
30.Rd6 Ba8 31.Bf5 Nf8 32.Bxc5 Qh4 33.Ba7 Re8 34.Qf2 Qe7 35.Bd4 Ne6 36.Be3 Qb7
37.Kh2 Qb3 38.Rd3 Qa4 39.Bg4 Be4 40.Rc3 Qb5 41.Qg3 Qb2 42.Bc1 Qb1 43.Qf2 Bf5
44.Be2 Rd8 45.Be3 Qb2 46.Qe1 Nd4 47.Bxd4 Rxd4 48.Rc4 Re4 49.Rxe4 Bxe4 50.Bf1 Qd4
51.Qe2 Kg8 52.g3 g5 53.Bg2 Bxg2 54.Kxg2 gxf4 55.Qg4+ Kf8  1/2-1/2

[Event "1st Alghero Open"]
[Site "Alghero ITA"]
[Date "2011.08.30"]
[Round "5.4"]
[White "Avrukh,B"]
[Black "Paikidze,N"]
[Result "1-0"]
[WhiteElo "2600"]
[BlackElo "2416"]

1.d4 d5 2.c4 c6 3.Nf3 Nf6 4.Nc3 e6 5.e3 Nbd7 6.Qc2 Bd6 7.g4 Bb4 8.Bd2 h6
9.Rg1 Qe7 10.O-O-O b6 11.Kb1 Bb7 12.h4 dxc4 13.e4 c5 14.d5 Bxc3 15.Bxc3 exd5
16.exd5 Bxd5 17.Rxd5 Nxd5 18.Bxg7 Rg8 19.Bxh6 O-O-O 20.Bxc4 Nc7 21.Qf5 Ne6
22.Ba6+ Kc7 23.Qe4 Qf6 24.Qb7+ Kd6 25.Rd1+ Nd4 26.Nxd4 cxd4 27.Bb5 Qe5 28.Qc6+ Ke7
29.Bg5+ Rxg5 30.hxg5 Nc5 31.g6 d3 32.gxf7 d2 33.Qe8+  1-0

[Event "10th Sunny Beach Open"]
[Site "Sunny Beach BUL"]
[Date "2011.08.31"]
[Round "5.9"]
[White "Fish,G"]
[Black "Motuz,K"]
[Result "1/2-1/2"]
[WhiteElo "2492"]
[BlackElo "2325"]

1.d4 d5 2.c4 c6 3.Nf3 Nf6 4.Nc3 e6 5.e3 Nbd7 6.Qc2 Bd6 7.Bd3 O-O 8.O-O dxc4
9.Bxc4 a6 10.a4 c5 11.Rd1 Qc7 12.b3 cxd4 13.exd4 b6 14.h3 Bb7 15.Qe2 Bb4  1/2-1/2

[Event "TCh-SRB Premier Men"]
[Site "Valjevo SRB"]
[Date "2011.08.31"]
[Round "5.4"]
[White "Abramovic,B"]
[Black "Mastrovasilis,D"]
[Result "0-1"]
[WhiteElo "2464"]
[BlackElo "2604"]

1.d4 d5 2.c4 e6 3.Nf3 Nf6 4.Nc3 c6 5.e3 Nbd7 6.Bd3 dxc4 7.Bxc4 b5 8.Bd3 a6
9.a4 Bb7 10.Qe2 Be7 11.O-O O-O 12.Rd1 Qb8 13.Bd2 b4 14.Ne4 Nxe4 15.Bxe4 c5
16.Bxb7 Qxb7 17.Be1 Rfc8 18.e4 Nf6 19.dxc5 Qxe4 20.Qxe4 Nxe4 21.Bxb4 Rab8
22.Rd4 Nxc5 23.Rad1 Bf6 24.Bxc5 Rxc5 25.Rd6 a5 26.b3 Kf8 27.R6d3 Rc3 28.Rxc3 Bxc3
29.Rb1 Bb4 30.Ne5 Rc8 31.Nc4 Rd8 32.Kf1 Rd3 33.Ke2 Rc3 34.Ne3 Ke7 35.Rb2 Ba3
36.Rb1 Bb4 37.Rb2 Ba3 38.Rb1 f5 39.g3 g5 40.Nc4 Bb4 41.Rb2 Kf6 42.Kd1 h5
43.Ke2 h4 44.gxh4 gxh4 45.f3 h3 46.f4 Rc1 47.Kf3 Bc3 48.Re2 Bd4 49.Kg3 Rc3+
50.Kh4 Rxb3 51.Nxa5 Rf3 52.Rc2 Kg6  0-1

[Event "10th Sunny Beach Open"]
[Site "Sunny Beach BUL"]
[Date "2011.09.01"]
[Round "6.70"]
[White "Kirchev,K"]
[Black "Petkov,Matey"]
[Result "1/2-1/2"]
[WhiteElo "2058"]
[BlackElo "1622"]

1.Nf3 d5 2.c4 c6 3.d4 Nf6 4.Nc3 e6 5.e3 Bd6 6.Qc2 Nbd7 7.Be2 O-O 8.O-O dxc4
9.Bxc4 b5 10.Bd3 Bb7 11.e4 e5 12.Bg5 exd4 13.Nxd4 Bxh2+ 14.Kh1 Nc5 15.Nf3 Qxd3
16.Qxd3 Nxd3 17.Bxf6 gxf6 18.Kxh2 b4 19.Na4 c5 20.Nd2 Bc6 21.b3 Bxa4 22.bxa4 Rfe8
23.f3 Rac8 24.Nc4 Ne5 25.Rac1 Red8 26.Rc2 Rd4 27.Rfc1 Nd3 28.Rb1 Ne5 29.Rbc1 Rxc4
30.Rxc4 Nxc4 31.Rxc4 Kf8 32.Kg3 Ke7 33.Kf4 Ke6 34.g4 h6 35.Ke3 Kd6 36.Kf4 Rg8
37.Kf5 Rg6 38.Rc1 Kc6 39.Rc2 Kb6 40.Rc1 a6 41.Rc2 Ka5 42.Rxc5+ Kxa4 43.Rc7 Ka3
44.f4 Kxa2 45.Ra7 b3 46.Rxa6+ Kb1 47.Ra7 Rg8 48.Rxf7 b2 49.Rxf6 Kc2 50.Rc6+ Kd3
51.Rb6 Kc2 52.Rc6+ Kd3 53.Rb6 Kc3 54.e5 Rf8+ 55.Ke4 Rg8 56.Kf5 Rf8+ 57.Ke4 Rg8
58.Kf5 Rf8+  1/2-1/2

[Event "18th Graz Open"]
[Site "Graz AUT"]
[Date "2011.09.02"]
[Round "7"]
[White "Diermair,A"]
[Black "Shengelia,D"]
[Result "1/2-1/2"]
[WhiteElo "2432"]
[BlackElo "2513"]

1.d4 d5 2.c4 c6 3.Nf3 Nf6 4.Nc3 e6 5.e3 Nbd7 6.Qc2 Bd6 7.b3 O-O 8.Be2 b6
9.O-O Bb7 10.Bb2 Rc8 11.Rac1  1/2-1/2

[Event "TCh-POL Ekstraliga"]
[Site "Miedzybrodzie-Zywiec POL"]
[Date "2011.09.02"]
[Round "4.5"]
[White "Socko,B"]
[Black "Czarnota,P"]
[Result "1-0"]
[WhiteElo "2654"]
[BlackElo "2538"]

1.d4 d5 2.c4 c6 3.Nc3 Nf6 4.e3 e6 5.Nf3 Nbd7 6.Qc2 Bd6 7.Bd3 O-O 8.O-O dxc4
9.Bxc4 b5 10.Bd3 Bb7 11.a3 Qe7 12.Ng5 Bxh2+ 13.Kxh2 Ng4+ 14.Kg1 Qxg5 15.f3 Ngf6
16.e4 Qh4 17.Be3 e5 18.Rad1 Rfe8 19.Ne2 a6 20.b4 Nh5 21.Bf2 Qg5 22.Qc1 Qg6
23.Bb1 Rac8 24.Qe3 exd4 25.Nxd4 Ne5 26.Nf5 Nc4 27.Qc1 Rc7 28.e5 Qe6 29.Nd6 Rf8
30.Nxc4 bxc4 31.Rfe1 Re8 32.Rd6 Qe7 33.g4 c5 34.bxc5 Bxf3 35.gxh5 Bxh5 36.Qf4 Rb7
37.Qh4 Qxh4 38.Bxh4 c3 39.c6 Rb2 40.c7  1-0

[Event "TCh-SRB Premier Women"]
[Site "Valjevo SRB"]
[Date "2011.09.02"]
[Round "7.6"]
[White "Zivkovic,Ves"]
[Black "Babic,Marijana"]
[Result "1-0"]
[WhiteElo "2058"]
[BlackElo "2147"]

1.d4 d5 2.Nf3 Nf6 3.c4 e6 4.e3 c6 5.Nc3 Bd6 6.Bd3 O-O 7.O-O Nbd7 8.e4 dxe4
9.Nxe4 Nxe4 10.Bxe4 e5 11.Qc2 g6 12.dxe5 Nxe5 13.c5 Nxf3+ 14.Bxf3 Be5 15.Re1 Bf5
16.Be4 Bxe4 17.Rxe4 Re8 18.Be3 Qc7 19.g3 Rad8 20.Re1 Re7 21.Bg5 f6 22.Bd2 Red7
23.Bc3 Bd4 24.Bxd4 Rxd4 25.Qb3+ R4d5 26.Re6 Qa5 27.Re7 Rd7 28.Qe3 Rxe7 29.Qxe7 Qd8
30.Qxb7 Rd1 31.Qb3+ Rd5 32.Rd1 Qd7 33.Rxd5 cxd5 34.Qb8+ Kg7 35.Qa8 d4 36.c6 Qd5
37.Qxa7+ Kh6 38.c7 d3 39.c8=Q d2 40.Qh3+  1-0

[Event "TCh-SRB Premier Men"]
[Site "Valjevo SRB"]
[Date "2011.09.02"]
[Round "7.3"]
[White "Pavlovic,Milos"]
[Black "Rublevsky,S"]
[Result "0-1"]
[WhiteElo "2541"]
[BlackElo "2684"]

1.d4 d5 2.c4 c6 3.Nc3 Nf6 4.e3 e6 5.Nf3 a6 6.b3 Bb4 7.Bd2 Nbd7 8.Bd3 O-O
9.O-O Bd6 10.Rc1 e5 11.cxd5 cxd5 12.dxe5 Nxe5 13.Nxe5 Bxe5 14.h3 Bd7 15.Ne2 Rc8
16.Rxc8 Qxc8 17.Qb1 Qb8 18.Rc1 Rc8 19.Bc3 Bxc3 20.Rxc3 Rxc3 21.Nxc3 Qd6 22.Ne2 a5
23.Qb2 Qb4 24.Qc1 b6 25.Nd4 Qc5 26.Qb2 h6 27.a3 Ne4 28.Ne2 Ng5 29.Qe5 Ne6
30.Qb8+ Qf8 31.Qxb6 Qxa3 32.Qb8+ Nf8 33.Nd4 a4 34.Bf1 Qb2  0-1

[Event "TCh-SRB Premier Men"]
[Site "Valjevo SRB"]
[Date "2011.09.02"]
[Round "7.4"]
[White "Georgiev,Ki"]
[Black "Predojevic,B"]
[Result "1/2-1/2"]
[WhiteElo "2654"]
[BlackElo "2643"]

1.d4 Nf6 2.c4 e6 3.Nf3 d5 4.Nc3 c6 5.e3 Nbd7 6.Qc2 Bd6 7.Bd3 O-O 8.O-O dxc4
9.Bxc4 b5 10.Bd3 Bb7 11.a3 Rc8 12.Rd1 c5 13.Bxb5 Bxf3 14.gxf3 cxd4 15.Rxd4 Nd5
16.f4 N7f6 17.Qd1 Bc5 18.Rd3  1/2-1/2

[Event "15th Cesenatico Open"]
[Site "Cesenatico ITA"]
[Date "2011.09.03"]
[Round "1"]
[White "Haertl,S"]
[Black "De Filomeno,S"]
[Result "0-1"]
[WhiteElo "2086"]
[BlackElo "2293"]

1.d4 d5 2.Nf3 Nf6 3.e3 c6 4.c4 e6 5.Nc3 Nbd7 6.Bd3 dxc4 7.Bxc4 b5 8.Bd3 Bb7
9.O-O Bd6 10.e4 e5 11.d5 b4 12.dxc6 Bxc6 13.Bb5 Bxb5 14.Nxb5 Bb8 15.Nd6+ Bxd6
16.Qxd6 Qb8 17.Qxb8+ Rxb8 18.Be3 Nxe4 19.Bxa7 Rb7 20.Rfe1 f5 21.Be3 O-O 22.a3 bxa3
23.bxa3 Ra8 24.Red1 Nc3 25.Re1 Rb2 26.Bd2 Ne4 27.Bc1 Rc2 28.Be3 Kf7 29.Red1 Ke6
30.Ne1 Rc4 31.f3 Nc3 32.Rd3 Nf6 33.Kf1 Nfd5 34.Bd2 e4 35.fxe4 fxe4 36.Rg3 Rf8+  0-1

[Event "15th Cesenatico Open"]
[Site "Cesenatico ITA"]
[Date "2011.09.03"]
[Round "1"]
[White "Barlocco,C"]
[Black "Sveshnikov,V"]
[Result "0-1"]
[WhiteElo "2135"]
[BlackElo "2412"]

1.d4 d5 2.c4 e6 3.Nc3 c6 4.e3 Nf6 5.Nf3 Nbd7 6.cxd5 exd5 7.Bd3 Bd6 8.O-O O-O
9.e4 dxe4 10.Nxe4 Nxe4 11.Bxe4 Nf6 12.Bc2 Bg4 13.Bg5 Bh5 14.Qd3 Bg6 15.Qd2 Bxc2
16.Qxc2 Be7 17.Rfe1 Re8 18.Rad1 Nd5 19.Qf5 f6 20.Bd2 Bf8 21.Qb1 Qd7 22.Qd3 Bd6
23.Nh4 g6 24.g3 Kg7 25.Ng2 Qf7 26.a3 Bc7 27.b4 a6 28.Ne3 Nxe3 29.Bxe3 Qd5
30.a4 Bd6 31.Rb1 Re7 32.Qb3 Qxb3 33.Rxb3 Rd7 34.b5 cxb5 35.axb5 a5 36.Ra1 a4
37.Rc3 Kf7 38.Kf1 Ke6 39.Ke2 Kd5 40.Kd3 Rc7 41.Rxc7 Bxc7 42.Bc1 Bd6 43.Ba3 Bxa3
44.Rxa3 b6 45.f3 f5 46.f4 h5 47.Ra2 a3 48.Kc3 Ra5 49.Kd3 Ra4 50.Kc3 Rc4+
51.Kb3 Rxd4 52.Kxa3 Kc5 53.Re2 Re4 54.Rd2 h4 55.Rd3 h3 56.Rd2 Kxb5 57.Rd6 Re3+
58.Kb2 Re2+ 59.Kc3 Rxh2 60.Rxg6 Rh1 61.Rg5 Rc1+ 62.Kd4 h2 63.Rxf5+ Rc5  0-1

[Event "3rd Zenderood Open"]
[Site "Esfahan IRI"]
[Date "2011.09.03"]
[Round "2"]
[White "Zaree,Mohammad"]
[Black "Chighladze,I"]
[Result "0-1"]
[WhiteElo "1940"]
[BlackElo "2377"]

1.d4 d5 2.c4 c6 3.Nc3 Nf6 4.Nf3 e6 5.e3 Nbd7 6.Bd3 dxc4 7.Bxc4 b5 8.Bd3 a6
9.O-O c5 10.b3 Bb7 11.Bb2 Be7 12.Rc1 O-O 13.Ne2 Rc8 14.Ng3 Rc7 15.Qe2 Qa8
16.h4 Rfc8 17.e4 cxd4 18.Rxc7 Rxc7 19.Nxd4 Nc5 20.f3 Nxd3 21.Qxd3 Rd7 22.Qc2 Qa7
23.Kh1 Rxd4 24.Bxd4 Qxd4 25.Rd1 Qe5 26.Ne2 g6 27.Qc3 Qh5 28.Qc7 Qxh4+ 29.Kg1 Nxe4
30.fxe4 Qxe4 31.Nf4 Bg5 32.Qb8+ Kg7 33.Nxe6+ fxe6 34.Rd7+ Kh6 35.Qh2+ Bh4
36.Qh3 Bd5 37.Rf7 g5 38.Kh2 Kg6 39.Rf1 g4  0-1

[Event "Lion Cup"]
[Site "Lviv UKR"]
[Date "2011.09.03"]
[Round "7.3"]
[White "Prokhorov,A1"]
[Black "Durnev,V"]
[Result "1-0"]
[WhiteElo "2071"]
[BlackElo "2019"]

1.Nf3 Nf6 2.c4 e6 3.Nc3 d5 4.d4 c6 5.e3 Be7 6.Qc2 Nbd7 7.b3 b6 8.Bd3 Bb7
9.O-O Rc8 10.Bb2 Qc7 11.Qe2 O-O 12.Rac1 Qb8 13.Rfd1 Bd6 14.e4 dxe4 15.Nxe4 Bf4
16.Rc2 Rfd8 17.g3 Bh6 18.c5 Nxe4 19.Qxe4 Nf6 20.Qh4 Rd5 21.Ne5 bxc5 22.Bc4 Rdd8
23.Re1 Qd6 24.dxc5 Qf8 25.Nxf7 Kxf7 26.Bxe6+ Kg6 27.f4 Rd5 28.Be5 Rxe5 29.Rxe5 Bxf4
30.Qxf4 h5 31.Rf2 Kh7 32.Qh4 Qd8 33.Rxh5+  1-0

[Event "18th Graz Open"]
[Site "Graz AUT"]
[Date "2011.09.04"]
[Round "9"]
[White "Rattinger,F"]
[Black "Almer,G"]
[Result "1/2-1/2"]
[WhiteElo "2072"]
[BlackElo "2116"]

1.d4 d5 2.Nf3 c6 3.c4 Nf6 4.Nc3 e6 5.e3 Be7 6.Qc2 O-O 7.Bd3 Nbd7 8.O-O dxc4
9.Bxc4 b5 10.Bd3 Bb7 11.Bd2 a6 12.Rfd1 c5  1/2-1/2

[Event "VII Ugra Governor's Cup"]
[Site "Khanty-Mansiysk RUS"]
[Date "2011.09.04"]
[Round "5"]
[White "Mikhailenko,G"]
[Black "Seredov,D"]
[Result "0-1"]
[WhiteElo "1865"]
[BlackElo "2164"]

1.Nf3 d5 2.d4 Nf6 3.e3 e6 4.c4 c6 5.Nc3 Nbd7 6.cxd5 exd5 7.Bd3 Bd6 8.O-O O-O
9.Qc2 Re8 10.Bd2 Nf8 11.h3 Qe7 12.a3 Ng6 13.Rae1 Ne4 14.Bxe4 dxe4 15.Nh2 f5
16.f4 Be6 17.Rf2 Qf7 18.Qd1 Bb3 19.Qh5 Rad8 20.g4 Ne7 21.Qxf7+ Kxf7 22.Rc1 Ra8
23.Rg2 g6 24.Nf1 a5 25.Ng3 b5 26.Kh2 b4 27.axb4 axb4 28.Nd1 Ra2 29.Be1 Rea8
30.Rd2 Ra1 31.Ne2 R8a2 32.Bh4 Bxd1 33.Rcxd1 Rxd1 34.Rxd1 Rxb2 35.Re1 b3 36.Bxe7 Kxe7
37.gxf5 gxf5  0-1

[Event "TCh-POL 1st League"]
[Site "Mrzezyno POL"]
[Date "2011.09.04"]
[Round "2"]
[White "Vovk,Y"]
[Black "Sadzikowski,D"]
[Result "1-0"]
[WhiteElo "2577"]
[BlackElo "2370"]

1.d4 d5 2.c4 c6 3.Nf3 Nf6 4.Nc3 e6 5.e3 Nbd7 6.Qc2 Bd6 7.Bd3 O-O 8.O-O dxc4
9.Bxc4 a6 10.Rd1 b5 11.Bd3 Qc7 12.Bd2 c5 13.dxc5 Qxc5 14.a4 bxa4 15.Rxa4 Bb7
16.Rc4 Qa7 17.Ne4 Nxe4 18.Bxe4 Bxe4 19.Qxe4 Nf6 20.Qc2 Qe7 21.e4 e5 22.Ba5 Rfb8
23.Qd2 Rb5 24.Bc3 Ne8 25.Rc6 Bb4 26.h3 g6 27.Qd3 Qb7 28.Qc4 Bxc3 29.bxc3 a5
30.Rd5 Rb1+ 31.Kh2 a4 32.Nxe5 a3 33.Rd7 Qb3 34.Qd4 a2 35.Ng4 Rh1+ 36.Kg3 h5
37.Rxg6+ fxg6 38.Nh6+  1-0

[Event "10th Sunny Beach Open"]
[Site "Sunny Beach BUL"]
[Date "2011.09.04"]
[Round "9.27"]
[White "Radulov,I"]
[Black "Ryabov,Igor"]
[Result "1-0"]
[WhiteElo "2288"]
[BlackElo "1994"]

1.Nf3 Nf6 2.d4 d5 3.c4 c6 4.Nc3 e6 5.e3 Be7 6.Bd3 O-O 7.b3 Nbd7 8.O-O b6
9.Qe2 Bb7 10.cxd5 cxd5 11.Bb2 Ne4 12.Rfc1 Nxc3 13.Rxc3 Bb4 14.Rc2 Bd6 15.Rac1 Qe7
16.Ba6 Nf6 17.Ne5 Rac8 18.Rxc8  1-0

[Event "13th Trieste Open"]
[Site "Trieste ITA"]
[Date "2011.09.04"]
[Round "3"]
[White "Khmelniker,I"]
[Black "Erdos,V"]
[Result "0-1"]
[WhiteElo "2518"]
[BlackElo "2608"]

1.d4 d5 2.Nf3 Nf6 3.c4 e6 4.Nc3 c6 5.e3 Nbd7 6.Bd3 dxc4 7.Bxc4 b5 8.Bd3 Bd6
9.O-O O-O 10.Bd2 Bb7 11.Rc1 Rc8 12.a3 a5 13.e4 e5 14.dxe5 Nxe5 15.Nxe5 Bxe5
16.Qe2 Re8 17.Rfd1 Qe7 18.f3 Qd6 19.g3 Qe6 20.Be3 h5 21.Bb1 Ba6 22.Bc5 b4
23.Qxa6 bxc3 24.bxc3 h4 25.Bf2 hxg3 26.hxg3 Nh5 27.f4 Nxf4 28.gxf4 Qg4+ 29.Kf1 Bxf4
30.Qe2 Qh3+ 31.Ke1 Qh1+ 32.Qf1 Rxe4+ 33.Bxe4 Qxe4+ 34.Qe2 Qh1+ 35.Qf1 Re8+
36.Be3 Rxe3+  0-1

[Event "TCh-SRB Premier Men"]
[Site "Valjevo SRB"]
[Date "2011.09.04"]
[Round "9.3"]
[White "Barlov,D"]
[Black "Todorovic,GM"]
[Result "1/2-1/2"]
[WhiteElo "2475"]
[BlackElo "2473"]

1.Nf3 d5 2.d4 e6 3.c4 Nf6 4.Nc3 c6 5.e3 Nbd7 6.Qc2 Bd6 7.a3 O-O 8.h3 e5 9.cxd5 cxd5
10.dxe5 Nxe5 11.Nd4 Bd7 12.Be2 Rc8 13.Qb3 Nc6 14.Qd1 Ne4 15.Nxe4 dxe4 16.Nb5 Be5
17.Nd6 Bxd6 18.Qxd6 Be6 19.Qxd8 Rfxd8 20.Bd2 Ne5 21.Bc3 Nd3+ 22.Bxd3 Rxd3
23.O-O Bb3 24.Rfd1 a6 25.Kh2 Rc6 26.Bb4 Bc2 27.Bc3 Bb3 28.Bd4 Bc2 29.Bc3 Bb3
30.Re1 h6 31.Rac1 Kh7 32.Bb4 Bc4 33.Rc2 g5 34.Rec1 Bb5 35.Rxc6 Bxc6 36.Rc5 Kg6
37.Bc3 Rd1 38.g4 Rd5 39.Rc4 f5 40.Kg3 f4+ 41.Kh2 fxe3 42.fxe3 Rd3 43.Bd4 h5
44.gxh5+ Kxh5 45.Kg3 Rd1 46.Rc5 Rf1 47.Re5 Rf3+ 48.Kg2 Kh4 49.Re7 Rg3+ 50.Kf2 Kxh3
51.Rh7+ Kg4 52.Rf7 Bd5 53.Rf6 Rf3+ 54.Rxf3 exf3 55.a4 Kf5 56.a5 Ke4 57.Bb6 Bb3
58.Bd8 g4 59.Bc7 Kd3 60.Bd6 Kc4 61.Be5 Kb5 62.Bc7 Bd5 63.Bd8  1/2-1/2

[Event "ch-POR Final"]
[Site "Amadora POR"]
[Date "2011.09.05"]
[Round "3"]
[White "Dias,P"]
[Black "Guerra,Vic"]
[Result "1/2-1/2"]
[WhiteElo "2443"]
[BlackElo "2202"]

1.d4 d5 2.c4 c6 3.Nf3 Nf6 4.Nc3 e6 5.e3 Nbd7 6.Bd3 Be7 7.O-O dxc4 8.Bxc4 c5
9.a3 cxd4 10.exd4 O-O 11.Re1 a6 12.Qe2 Nb6 13.Bd3 Bd7 14.Bg5 h6 15.Bd2 Nbd5
16.Ne4 Qb6 17.Ne5 Rfd8 18.Nxf6+ Nxf6 19.Nc4 Qxd4 20.Ba5 Rf8 21.Rad1 Qh4 22.Bc7 Bc6
23.Nb6 Rae8 24.Rc1 Bd5 25.Bg3 Qd4 26.Nxd5 exd5 27.Be5 Qg4 28.Qd2 Nd7 29.h3 Qh5
30.Bg3 Bg5 31.f4 Bd8 32.Kh2 Nf6 33.Qd1 Rxe1 34.Bxe1 Qxd1 35.Rxd1 Re8 36.g3 Bc7
37.Kg2 Bb6 38.g4 Ne4 39.Kf3 Bd4 40.Bxa6 Bxb2 41.Bxb7 Bxa3 42.Bxd5 Nf6 43.Bc6 Rc8
44.Bb5 Be7 45.Ra1 g6 46.Ra7 Kf8 47.Rb7 Bd6 48.Rb6 Be7 49.Ba4 Bd8 50.Rb7 Be7
51.Bb3 Rc6 52.Bd2 Rd6 53.Be3 Rd7 54.Rb8+ Rd8 55.Rb5 Kg7 56.Ke2 Rd7 57.Bd2 Ne4
58.Be1 Bh4 59.Ba5 Bd8 60.Ke3 Bxa5 61.Rxa5 Nf6 62.Bc4 Kf8 63.Be2 Nd5+ 64.Kf3 Nf6
65.h4 Rc7 66.Ra3 Kg7 67.Rd3 Re7 68.g5 hxg5 69.fxg5 Ne8 70.Rb3 Nd6 71.Bd3 Re5
72.Rb4  1/2-1/2

[Event "9th Amantea Open"]
[Site "Amantea ITA"]
[Date "2011.09.05"]
[Round "2"]
[White "Rotelli,P"]
[Black "Rago,R"]
[Result "0-1"]
[WhiteElo "1918"]
[BlackElo "2065"]

1.d4 e6 2.c4 d5 3.Nf3 Nf6 4.Nc3 c6 5.e3 Nbd7 6.cxd5 exd5 7.Bd3 Bd6 8.h3 O-O
9.O-O Re8 10.Qc2 Nf8 11.e4 dxe4 12.Nxe4 Nxe4 13.Bxe4 h6 14.Be3 Be6 15.Rfd1 Rc8
16.a3 Qa5 17.Nd2 Bb8 18.b4 Qd8 19.Rac1 Qd7 20.Nf1 Qe7 21.Bf5 Rcd8 22.Bxe6 Nxe6
23.Nh2 Nf4 24.Nf3 Nd5 25.Re1 Qf6 26.Qc4 a6 27.Bd2 Qf5 28.Qc2 Qxc2 29.Rxc2 Rxe1+
30.Bxe1 Ba7 31.Bd2 Re8 32.Kf1 Re4 33.Rc4 f6 34.Bc1 Kf7 35.Bb2 g5 36.Nd2 Re7
37.Nb3 Nf4 38.Rc2 Nd3 39.Bc3 Nf4 40.Nc5 Bxc5 41.dxc5 Rd7 42.Rd2 Rxd2 43.Bxd2 Ng6
44.g3 Ke6 45.Ke2 h5 46.f3 Ne7 47.g4 hxg4 48.fxg4 Nd5 49.Kf3 Ke5 50.Be3 a5
51.bxa5 Nxe3 52.Kxe3 Kd5 53.Kd3 Kxc5 54.a4 Kb4 55.a6 bxa6 56.Kd4 c5+ 57.Kd5 c4  0-1

[Event "FIDE World Cup 2011"]
[Site "Khanty-Mansiysk RUS"]
[Date "2011.09.05"]
[Round "3.4"]
[White "Mamedyarov,S"]
[Black "Zherebukh,Y"]
[Result "1/2-1/2"]
[WhiteElo "2765"]
[BlackElo "2590"]

1.d4 d5 2.c4 c6 3.Nc3 Nf6 4.Nf3 e6 5.e3 Nbd7 6.Qc2 Bd6 7.g4 dxc4 8.g5 Nd5
9.Bxc4 e5 10.Bd2 O-O 11.Nxd5 cxd5 12.Bxd5 exd4 13.Be4 dxe3 14.Bxe3 Qa5+ 15.Kf1 Ne5
16.Kg2 Nxf3 17.Bxf3 Bf5 18.Qb3 Be6 19.Qxb7 Rab8 20.Qc6 Be5 21.Rad1 Rfc8 22.Qe4 Bxb2
23.Rd6 Re8 24.Qd3 Qxa2 25.Ra6 Qc4 26.Qxc4 Bxc4 27.Rxa7 Rbd8 28.Ra5 Bd4 29.Bf4 Bb6
30.Rf5 Bd3 31.Re5 Rxe5 32.Bxe5 Re8 33.Bc3 Rc8 34.Be5 Re8 35.Ba1 Be4 36.Bxe4 Rxe4
37.Rb1 Bd8 38.Rb8 Re8 39.Bb2 Kf8 40.Kf3 f6 41.Rb7 Be7 42.gxf6 gxf6 43.Kg4 Ra8
44.Kh5 Kf7 45.Bc3 Ra4 46.Bd2 Ke6 47.h3 Re4 48.Rb8 Kf7 49.Rb7 Ke6 50.Ra7 Bc5
51.Ra6+ Kf7 52.f4 Bf8 53.Ra7+ Re7 54.Ra5 Rd7 55.Be1 Ke6 56.Kg4 Kf7 57.Kf5 Rc7
58.Bf2 Bb4 59.Ra6 Bc3 60.h4 Rb7 61.Rc6 Rb5+ 62.Ke4 f5+ 63.Kd3 Bf6 64.h5 Rb3+
65.Ke2 Rb2+ 66.Kf3 Rb3+ 67.Kg2 Rb2 68.Rc7+ Ke6 69.Kf1 Rb1+ 70.Ke2 Rb2+  1/2-1/2

[Event "2nd Manaus Open"]
[Site "Manaus BRA"]
[Date "2011.09.05"]
[Round "5"]
[White "Gutierrez,Enrique Alberto Soto"]
[Black "De Oliveira,Aquiles Machado"]
[Result "1/2-1/2"]
[WhiteElo "1853"]
[BlackElo "2084"]

1.Nf3 Nf6 2.d4 d5 3.e3 e6 4.c4 c6 5.Nc3 Nbd7 6.Bd3 dxc4 7.Bxc4 b5 8.Be2 a6
9.O-O Bb7 10.a3 c5 11.dxc5 Bxc5 12.b4 Be7 13.Bb2 O-O 14.Qb3 Qb6 15.Rac1 Rac8
16.Rfd1 Rc7 17.a4 Nd5 18.axb5 axb5 19.Nxb5 Rxc1 20.Rxc1 Bxb4 21.Bd4 Bc5 22.Qb2 Bxd4  1/2-1/2

[Event "2nd Manaus Open"]
[Site "Manaus BRA"]
[Date "2011.09.05"]
[Round "6"]
[White "Gutierrez,Enrique Alberto Soto"]
[Black "Barbosa,Celio Oliveira"]
[Result "0-1"]
[WhiteElo "1853"]
[BlackElo "2078"]

1.Nf3 Nf6 2.d4 d5 3.e3 c6 4.c4 e6 5.Nc3 Be7 6.Bd3 Nbd7 7.b3 Bb4 8.Bd2 Qe7
9.cxd5 exd5 10.O-O O-O 11.Qc2 Re8 12.Ne2 Bd6 13.h3 Ne4 14.Bc3 f5 15.Nd2 Ndf6
16.Bxe4 Nxe4 17.f4 Nxc3 18.Qxc3 Bb4 19.Qd3 Qxe3+ 20.Qxe3 Rxe3 21.Kf2 Bxd2
22.Rad1 Rd3  0-1

[Event "TCh-SRB Premier Men"]
[Site "Valjevo SRB"]
[Date "2011.09.05"]
[Round "10.4"]
[White "Bodiroga,P"]
[Black "Farkas,Ti"]
[Result "1/2-1/2"]
[WhiteElo "2395"]
[BlackElo "2260"]

1.d4 e6 2.c4 Nf6 3.Nf3 d5 4.Nc3 c6 5.e3 Nbd7 6.Qc2 Bd6 7.Be2 O-O 8.O-O b6
9.e4 dxe4 10.Nxe4 Be7 11.Bf4 Nxe4 12.Qxe4 Bb7 13.Rfd1 Nf6 14.Qc2 Qc8 15.c5 Ba6
16.Bxa6 Qxa6 17.cxb6 Qxb6 18.Bg5 Rfd8 19.Rac1 Rac8 20.Rd3 h6 21.Bh4 Nd5 22.Bxe7 Nxe7
23.Rb3 Qc7 24.Rc3 Rd5 25.g3 Qb6 26.a3 Rb8 27.b4 a5 28.Rc4 axb4 29.Rxb4 Rb5
30.Rcb1 Nd5 31.Rxb5 cxb5 32.Qc5 b4 33.axb4  1/2-1/2

[Event "Yuzhny Open"]
[Site "Yuzhny UKR"]
[Date "2011.09.05"]
[Round "5.38"]
[White "Fiodorov,M"]
[Black "Baranov,J"]
[Result "1/2-1/2"]
[WhiteElo "2143"]
[BlackElo "2143"]

1.d4 d5 2.c4 c6 3.Nf3 Nf6 4.Nc3 e6 5.e3 Nbd7 6.Bd3 dxc4 7.Bxc4 b5 8.Bd3 Bb7
9.O-O a6 10.e4 c5 11.d5 Qc7 12.dxe6 fxe6 13.Qe2 c4 14.Bc2 Bd6 15.Ng5 Nf8
16.f4 h6 17.Nh3 e5 18.f5 O-O-O 19.Nf2 N8d7 20.Ng4 Bc5+ 21.Kh1 Nxg4 22.Qxg4 Nf6
23.Qe2 Bd4 24.Bd2 Kb8 25.Rac1 Qf7 26.Bb1 h5 27.h4 Rc8 28.Nd1 Bc6 29.Bg5 Qb7
30.Re1 Ng4 31.b3 cxb3 32.axb3 Qf7 33.Ba2 Qa7 34.b4 a5 35.bxa5 Qxa5 36.Be6 Rc7
37.Bd2 Qa3 38.Qf3 Qe7 39.Bg5 Qb4 40.Re2 Kb7 41.Nc3 Bxc3 42.Qxc3 Qxc3 43.Rxc3 Bxe4
44.Rxc7+ Kxc7 45.Kg1 Ra8 46.Ra2 Rxa2 47.Bxa2 Bxf5 48.Be7 Kd7 49.Bf8 g6 50.g3 Bd3
51.Bf7 Kc6 52.Kg2 Be4+ 53.Kf1 Kb6 54.Bb4 Ne3+ 55.Kf2 Nc4 56.Bxc4 bxc4 57.Bc3 Kc5
58.Bxe5 Kb4 59.Ke3  1/2-1/2